<?xml version="1.0" encoding="UTF-8"?>
<record
    xmlns:xsi="http://www.w3.org/2001/XMLSchema-instance"
    xsi:schemaLocation="http://www.loc.gov/MARC21/slim http://www.loc.gov/standards/marcxml/schema/MARC21slim.xsd"
    xmlns="http://www.loc.gov/MARC21/slim">

  <leader>00648nam a22001577a 4500</leader>
  <controlfield tag="003">OSt</controlfield>
  <controlfield tag="005">20161027150748.0</controlfield>
  <controlfield tag="008">161027b        xxu||||| |||| 00| 0 eng d</controlfield>
  <datafield tag="040" ind1=" " ind2=" ">
    <subfield code="c">RUA</subfield>
  </datafield>
  <datafield tag="082" ind1=" " ind2=" ">
    <subfield code="a">AGR OEU 2015 B518 Or.</subfield>
  </datafield>
  <datafield tag="100" ind1=" " ind2=" ">
    <subfield code="9">10992</subfield>
    <subfield code="a">OEUN PHEARA;&#x200B;&#x17A2;&#x17BF;&#x1793; &#x1797;&#x17B6;&#x179A;&#x17C9;&#x17B6;</subfield>
  </datafield>
  <datafield tag="245" ind1=" " ind2=" ">
    <subfield code="a">Study of rice disease on dry-season in Khos Thom district, kandal province; &#x1780;&#x17B6;&#x179A;&#x179F;&#x17B7;&#x1780;&#x17D2;&#x179F;&#x17B6;&#x1796;&#x17B8;&#x1787;&#x17C6;&#x1784;&#x17BA;&#x179B;&#x17BE;&#x178A;&#x17C6;&#x178E;&#x17B6;&#x17C6;&#x179F;&#x17D2;&#x179A;&#x17BC;&#x179C;&#x1794;&#x17D2;&#x179A;&#x17B6;&#x17C6;&#x1784;&#x1780;&#x17D2;&#x1793;&#x17BB;&#x1784;&#x179F;&#x17D2;&#x179A;&#x17BB;&#x1780;&#x1780;&#x17C4;&#x17C7;&#x1792;&#x17C6; &#x1781;&#x17C1;&#x178F;&#x17D2;&#x178F;&#x1780;&#x178E;&#x17D2;&#x178A;&#x17B6;&#x179B;</subfield>
  </datafield>
  <datafield tag="260" ind1=" " ind2=" ">
    <subfield code="a">Phnom Penh</subfield>
    <subfield code="b">RUA</subfield>
    <subfield code="c">2015</subfield>
  </datafield>
  <datafield tag="300" ind1=" " ind2=" ">
    <subfield code="a">xiii; 62p;</subfield>
    <subfield code="b">ill;</subfield>
    <subfield code="c">29cm</subfield>
  </datafield>
  <datafield tag="942" ind1=" " ind2=" ">
    <subfield code="2">ddc</subfield>
    <subfield code="c">AGR</subfield>
  </datafield>
  <datafield tag="999" ind1=" " ind2=" ">
    <subfield code="c">10575</subfield>
    <subfield code="d">10575</subfield>
  </datafield>
  <datafield tag="952" ind1=" " ind2=" ">
    <subfield code="0">0</subfield>
    <subfield code="1">0</subfield>
    <subfield code="2">ddc</subfield>
    <subfield code="4">0</subfield>
    <subfield code="6">AGR_OEU_2015_000000000000000_B518_OR_1</subfield>
    <subfield code="7">0</subfield>
    <subfield code="9">54704</subfield>
    <subfield code="a">LBB</subfield>
    <subfield code="b">LBB</subfield>
    <subfield code="c">B518</subfield>
    <subfield code="d">2016-10-27</subfield>
    <subfield code="o">AGR OEU 2015 B518 Or.1</subfield>
    <subfield code="p">A01692</subfield>
    <subfield code="r">2016-10-27</subfield>
    <subfield code="w">2016-10-27</subfield>
    <subfield code="y">AGR</subfield>
  </datafield>
  <datafield tag="952" ind1=" " ind2=" ">
    <subfield code="0">0</subfield>
    <subfield code="1">0</subfield>
    <subfield code="2">ddc</subfield>
    <subfield code="4">0</subfield>
    <subfield code="6">AGR_OEU_2015_000000000000000_B518_OR_2</subfield>
    <subfield code="7">0</subfield>
    <subfield code="9">54705</subfield>
    <subfield code="a">LBB</subfield>
    <subfield code="b">LBB</subfield>
    <subfield code="c">B518</subfield>
    <subfield code="d">2016-10-27</subfield>
    <subfield code="l">1</subfield>
    <subfield code="o">AGR OEU 2015 B518 Or.2</subfield>
    <subfield code="p">A01651</subfield>
    <subfield code="r">2023-01-16</subfield>
    <subfield code="s">2022-12-07</subfield>
    <subfield code="w">2016-10-27</subfield>
    <subfield code="y">AGR</subfield>
  </datafield>
  <datafield tag="952" ind1=" " ind2=" ">
    <subfield code="0">0</subfield>
    <subfield code="1">0</subfield>
    <subfield code="2">ddc</subfield>
    <subfield code="4">0</subfield>
    <subfield code="6">AGR_OEU_2015_000000000000000_B518_OR_3</subfield>
    <subfield code="7">0</subfield>
    <subfield code="9">54706</subfield>
    <subfield code="a">LBB</subfield>
    <subfield code="b">LBB</subfield>
    <subfield code="c">B518</subfield>
    <subfield code="d">2016-10-27</subfield>
    <subfield code="o">AGR OEU 2015 B518 Or.3</subfield>
    <subfield code="p">A01726</subfield>
    <subfield code="r">2016-10-27</subfield>
    <subfield code="w">2016-10-27</subfield>
    <subfield code="y">AGR</subfield>
  </datafield>
  <datafield tag="952" ind1=" " ind2=" ">
    <subfield code="0">0</subfield>
    <subfield code="1">0</subfield>
    <subfield code="2">ddc</subfield>
    <subfield code="4">0</subfield>
    <subfield code="6">AGR_OEU_2015_000000000000000_B518_OR_4</subfield>
    <subfield code="7">0</subfield>
    <subfield code="9">54707</subfield>
    <subfield code="a">LBB</subfield>
    <subfield code="b">LBB</subfield>
    <subfield code="c">B518</subfield>
    <subfield code="d">2016-10-27</subfield>
    <subfield code="o">AGR OEU 2015 B518 Or.4</subfield>
    <subfield code="p">A01801</subfield>
    <subfield code="r">2016-10-27</subfield>
    <subfield code="w">2016-10-27</subfield>
    <subfield code="y">AGR</subfield>
  </datafield>
  <datafield tag="952" ind1=" " ind2=" ">
    <subfield code="0">0</subfield>
    <subfield code="1">0</subfield>
    <subfield code="2">ddc</subfield>
    <subfield code="4">0</subfield>
    <subfield code="6">AGR_OEU_2015_000000000000000_B518_OR_5</subfield>
    <subfield code="7">0</subfield>
    <subfield code="9">54708</subfield>
    <subfield code="a">LBB</subfield>
    <subfield code="b">LBB</subfield>
    <subfield code="c">B518</subfield>
    <subfield code="d">2016-10-27</subfield>
    <subfield code="l">7</subfield>
    <subfield code="o">AGR OEU 2015 B518 Or.5</subfield>
    <subfield code="p">A01718</subfield>
    <subfield code="r">2024-05-24</subfield>
    <subfield code="s">2024-04-24</subfield>
    <subfield code="w">2016-10-27</subfield>
    <subfield code="y">AGR</subfield>
  </datafield>
  <datafield tag="952" ind1=" " ind2=" ">
    <subfield code="0">0</subfield>
    <subfield code="1">0</subfield>
    <subfield code="2">ddc</subfield>
    <subfield code="4">0</subfield>
    <subfield code="6">AGR_OEU_2015_000000000000000_B518_OR_6</subfield>
    <subfield code="7">0</subfield>
    <subfield code="9">54709</subfield>
    <subfield code="a">LBB</subfield>
    <subfield code="b">LBB</subfield>
    <subfield code="c">B518</subfield>
    <subfield code="d">2016-10-27</subfield>
    <subfield code="l">1</subfield>
    <subfield code="o">AGR OEU 2015 B518 Or.6</subfield>
    <subfield code="p">A00658</subfield>
    <subfield code="r">2016-12-17</subfield>
    <subfield code="s">2016-12-03</subfield>
    <subfield code="w">2016-10-27</subfield>
    <subfield code="y">AGR</subfield>
  </datafield>
  <datafield tag="952" ind1=" " ind2=" ">
    <subfield code="0">0</subfield>
    <subfield code="1">0</subfield>
    <subfield code="2">ddc</subfield>
    <subfield code="4">0</subfield>
    <subfield code="6">AGR_OEU_2015_000000000000000_B518_OR_7</subfield>
    <subfield code="7">0</subfield>
    <subfield code="9">54710</subfield>
    <subfield code="a">LBB</subfield>
    <subfield code="b">LBB</subfield>
    <subfield code="c">B518</subfield>
    <subfield code="d">2016-10-27</subfield>
    <subfield code="o">AGR OEU 2015 B518 Or.7</subfield>
    <subfield code="p">A01990</subfield>
    <subfield code="r">2016-10-27</subfield>
    <subfield code="w">2016-10-27</subfield>
    <subfield code="y">AGR</subfield>
  </datafield>
  <datafield tag="952" ind1=" " ind2=" ">
    <subfield code="0">0</subfield>
    <subfield code="1">0</subfield>
    <subfield code="2">ddc</subfield>
    <subfield code="4">0</subfield>
    <subfield code="6">AGR_OEU_2015_000000000000000_B518_OR_8</subfield>
    <subfield code="7">0</subfield>
    <subfield code="9">54711</subfield>
    <subfield code="a">LBB</subfield>
    <subfield code="b">LBB</subfield>
    <subfield code="c">B518</subfield>
    <subfield code="d">2016-10-27</subfield>
    <subfield code="o">AGR OEU 2015 B518 Or.8</subfield>
    <subfield code="p">A02665</subfield>
    <subfield code="r">2016-10-27</subfield>
    <subfield code="w">2016-10-27</subfield>
    <subfield code="y">AGR</subfield>
  </datafield>
  <datafield tag="952" ind1=" " ind2=" ">
    <subfield code="0">0</subfield>
    <subfield code="1">0</subfield>
    <subfield code="2">ddc</subfield>
    <subfield code="4">0</subfield>
    <subfield code="6">AGR_OEU_2015_000000000000000_B043_OR_1</subfield>
    <subfield code="7">0</subfield>
    <subfield code="9">88370</subfield>
    <subfield code="a">LBB</subfield>
    <subfield code="b">LBB</subfield>
    <subfield code="c">B043</subfield>
    <subfield code="d">2021-12-17</subfield>
    <subfield code="l">1</subfield>
    <subfield code="o">AGR OEU 2015 B043 Or.1</subfield>
    <subfield code="p">a066239</subfield>
    <subfield code="r">2023-06-05</subfield>
    <subfield code="s">2023-05-24</subfield>
    <subfield code="w">2021-12-17</subfield>
    <subfield code="y">AGR</subfield>
  </datafield>
  <datafield tag="952" ind1=" " ind2=" ">
    <subfield code="0">0</subfield>
    <subfield code="1">0</subfield>
    <subfield code="2">ddc</subfield>
    <subfield code="4">0</subfield>
    <subfield code="6">AGR_OEU_2015_000000000000000_B043_OR_1</subfield>
    <subfield code="7">0</subfield>
    <subfield code="9">88371</subfield>
    <subfield code="a">LBB</subfield>
    <subfield code="b">LBB</subfield>
    <subfield code="c">B043</subfield>
    <subfield code="d">2021-12-17</subfield>
    <subfield code="l">2</subfield>
    <subfield code="o">AGR OEU 2015 B043 Or.1</subfield>
    <subfield code="p">A066299</subfield>
    <subfield code="r">2023-12-11</subfield>
    <subfield code="s">2023-12-06</subfield>
    <subfield code="w">2021-12-17</subfield>
    <subfield code="y">AGR</subfield>
  </datafield>
</record>
